Statistiche per Migliore calciatore assoluto AIC

Clicka qui per fare il quiz!

Statistiche generali

  • Questo quiz è stato fatto 9 volte
    (4 dall'ultimo reset)
  • Il punteggio medio è 25 su 28

Statistiche sulle risposte

EdizioneNazioneSquadraCalciatore% Corretto
2019PortogalloJuventusCristiano Ronaldo
100%
2020PortogalloJuventusCristiano Ronaldo
100%
2002FranciaJuventusDavid Trezeguet
100%
2010ArgentinaInterDiego Milito
100%
2006ItaliaJuventusFabio Cannavaro
100%
2000ItaliaRomaFrancesco Totti
100%
2003ItaliaRomaFrancesco Totti
100%
2004BrasileMilanKaká
100%
2007BrasileMilanKaká
100%
2018ArgentinaInterMauro Icardi
100%
2003Repubblica CecaJuventusPavel Nedvěd
100%
1998BrasileInterRonaldo
100%
2001FranciaJuventusZinédine Zidane
100%
2009SveziaInterZlatan Ibrahimović
100%
2011SveziaMilanZlatan Ibrahimović
100%
2008SveziaInterZlatan Ibrahimović
100%
2005ItaliaParmaAlberto Gilardino
75%
2012ItaliaJuventusAndrea Pirlo
75%
2013ItaliaJuventusAndrea Pirlo
75%
2014ItaliaJuventusAndrea Pirlo
75%
2015ArgentinaJuventusCarlos Tévez
75%
2017ItaliaJuventusGianluigi Buffon
75%
2016ItaliaJuventusLeonardo Bonucci
75%
2022PortogalloMilanRafael Leão
75%
1997ItaliaSampdoriaRoberto Mancini
75%
2021BelgioInterRomelu Lukaku
75%
2023ItaliaNapoliVictor Osimhen
75%
1999ItaliaLazioChristian Vieri
50%

Distribuzione punteggi

Percentile per numero di risposta

Percentuale di utenti per punteggio

I tuoi punteggi nel tempo

Non hai fatto questo quiz dall'ultimo reset